|
|
|
|
| LEADER |
00000nab a2200000 a 4500 |
| 001 |
vtls000787460 |
| 003 |
SK-MaSNL |
| 005 |
20260302155211.0 |
| 008 |
140507c2002 xo 0 slo |
| 015 |
|
|
|a SNBRB2002/03-09671
|
| 035 |
|
|
|a CLN000139115
|
| 040 |
|
|
|a SNKBUCL
|b slo
|c SNKBUCL
|e AACR2
|
| 041 |
0 |
|
|a slo
|
| 044 |
|
|
|a xo
|c SK
|
| 080 |
|
|
|a 791.43.091.4
|2 1997
|
| 100 |
1 |
|
|a Kaminski, I. Marek
|4 aut
|9 853248
|
| 245 |
1 |
0 |
|a Smokingy, ach, smokingy!
|b (o tom, ako filmové festivaly spájajú Tokio s Bratislavou)
|c I. Marek Kaminski
|
| 300 |
|
|
|b Fotogr.
|
| 611 |
1 |
7 |
|a Medzinárodný filmový festival
|n (14. :
|d 2001 :
|c Tokio, Japonsko)
|2 snkbucl
|9 853249
|
| 655 |
|
7 |
|a články z novín a časopisov
|2 snkbucl
|9 267496
|
| 773 |
0 |
|
|t Kultúrny život
|g Roč. 3, č. 1 (2002), s. 10
|x 1335-6976
|
| 850 |
|
|
|a Slovenská národná knižnica v Martine
|
| 852 |
|
|
|a SNK
|b KIS3GCP
|
| 958 |
|
|
|a JP
|
| 992 |
|
|
|a RBX
|
| 999 |
|
|
|c 1370721
|d 1372651
|